Biggest Cities in Morocco Quiz - Statistics

General Stats
  • This quiz has been taken 385 times
  • The average score is 8 of 15
Answer Stats
Hint Answer % Correct
3,359,818 Casablanca
97%
577,827 Rabat
96%
928,850 Marrakech
91%
1,112,072 Fes
90%
947,952 Tangier
84%
384,987 Agadir
67%
835,695 Meknès
54%
410,808 Oujda
48%
463,968 Tetouan
46%
920,403 Salé
43%
572,700 Kenitra
34%
369,102 Nador
29%
415,323 Safi
28%
447,330 Beni Mellal
16%
326,674 Khouribga
9%
No matching quizzes found
Score Distribution
Percent of People with Each Score
Percentile by Number Answered
Your Score History
You have not taken this quiz